ՀՀ Գիտությունների ազգային ակադեմիայի հիմնարար գիտական գրադարան  =   Fundamental Scientific Library of NAS RA

Կոլխոզնիկներին հակաօդային և հակաքիմիական պաշտպանության մասին : (Record no. 81324)

MARC details
000 -LEADER
fixed length control field 00848nam a2200169 u 4500
001 - CONTROL NUMBER
control field 000230743
003 - CONTROL NUMBER IDENTIFIER
control field AM-YeHGA
005 - DATE AND TIME OF LATEST TRANSACTION
control field 20250618071551.0
008 - FIXED-LENGTH DATA ELEMENTS--GENERAL INFORMATION
fixed length control field 030513s1945 ai r 000 0 arm d
040 ## - CATALOGING SOURCE
Original cataloging agency AM-YeHGA
090 ## - LOCALLY ASSIGNED LC-TYPE CALL NUMBER (OCLC); LOCAL CALL NUMBER (RLIN)
-- 82592
245 00 - TITLE STATEMENT
Title Կոլխոզնիկներին հակաօդային և հակաքիմիական պաշտպանության մասին :
Remainder of title «Պատրաստ ՀՕՔՊ-ի» 1-ին աստիճանի նորմաները հանձնելու պատրաստման ձեռնարկ գյուղ. բնակչ. համար /
Statement of responsibility, etc. Պատ. խմբ.՝ Վ. Գրիգորյան.
260 ## - PUBLICATION, DISTRIBUTION, ETC.
Place of publication, distribution, etc. Երևան :
Name of publisher, distributor, etc. Հայպետհրատ,
Date of publication, distribution, etc. 1945.
300 ## - PHYSICAL DESCRIPTION
Extent 135 էջ :
Other physical details նկ. ;
Dimensions 20 սմ.
650 14 - SUBJECT ADDED ENTRY--TOPICAL TERM
Topical term or geographic name entry element Քաղաքացիական պաշտպանություն
9 (RLIN) 4995
700 1# - ADDED ENTRY--PERSONAL NAME
Personal name Գրիգորյան, Վահան Արմենակի,
Dates associated with a name 1905-1989
Relator term խմբ.
Relationship edt
9 (RLIN) 1650
Holdings
Withdrawn status Lost status Damaged status Not for loan Collection Home library Current library Date acquired Total checkouts Full call number Barcode Date last seen Cost, replacement price Price effective from Koha item type Public note
        General Fundamental Scientific Library Fundamental Scientific Library 22/12/2016   AII/17332 FL0009509 22/12/2016 4.00 22/12/2016 Գրքեր / Books 30 Days Loan


ՀՀ ԳԱԱ հիմնարար գիտական գրադարան
ՀՀ,Երևան 0019
Մարշալ Բաղրամյան 24/6
հեռախոս:(374-10) 52-47-50
Հետադարձ կապ

All site content, except where otherwise noted, is licensed under a
Creative Commons License